Spevníček 17. ročníka celoslovenskej speváckej súťaže Slávik Slovenska 2007

Bibliographic Details
Corporate Author: Slávik Slovenska Bratislava, Slovensko
Format: Conference Proceeding Musical Score Book
Language:Slovak
PhysicalDescription:39 s. noty, texty 21 cm
Published: [Bratislava Ares 2006]
ISBN:(brož.)
Edition:[1. vyd.]
Subjects:

MARC

LEADER 00000ncm a2200000 a 4500
001 vtls008958465
003 SK-MaSNL
005 20260425222808.0
007 qu
008 070323s2006 xo sgzff abdi slo
015 |a SNBH2008/02-00557 
020 |a (brož.) 
040 |a SNK  |b slo  |c SNK  |e AACR2 
041 0 |a slo 
043 |a e-xo--- 
044 |a xo  |c SK 
048 |a vu 
072 7 |a 784  |x Vokálna hudba  |2 konspekt 
080 |a 784.092  |2 2001 
080 |a 316.347.32-053.2  |2 2001 
080 |a (437.6)  |2 2001 
080 |a (0:82-192)  |2 2001 
080 |a 784.4 (=162.4)  |2 2001 
084 |a 2.2.2  |2 snlmc 
111 2 |a Slávik Slovenska  |n (17. :  |d 2007 :  |c Bratislava, Slovensko)  |9 314678 
245 1 0 |a Spevníček 17. ročníka celoslovenskej speváckej súťaže Slávik Slovenska 2007  |h hudobnina 
250 |a [1. vyd.] 
254 |a Spevník 
260 |a [Bratislava  |b Ares  |c 2006] 
300 |a 39 s.  |b noty, texty  |c 21 cm 
500 |a Názov z obalu 
500 |a Garant: Peter Dvorský 
611 2 7 |a Slávik Slovenska  |n (17. :  |d 2007 :  |c Bratislava, Slovensko)  |2 SNKKA  |9 314678 
650 0 7 |a spevácke súťaže  |2 SNKPH  |9 72693 
650 0 7 |a deti školského veku  |2 SNKPH  |9 1227 
650 0 7 |a slovenské ľudové piesne  |2 SNKPH  |9 3454 
650 0 7 |a spev  |2 SNKPH  |9 3420 
651 7 |a Slovensko  |2 SNKPH  |9 14231 
655 7 |a spevníky  |2 SNKPH  |9 70506 
655 7 |a texty a noty  |2 SNKPH  |9 70492 
919 |a ISMN 
999 |c 568403  |d 570333 
952 |a SNK  |b SNK  |y PREZ  |7 0  |p 17A0545420  |o snkHSC 477  |i snk2007/8299  |8 0  |0 0  |1 0  |4 0  |d 2007-03-23  |l 0  |r 2026-02-23 14:05:28  |w 2026-02-23 
952 |a SNK  |b SNK  |y VYP  |7 0  |p 17A0545421  |o snkHSC 477 D1  |i snk2007/8300  |8 0  |0 0  |1 0  |4 0  |d 2007-03-23  |l 0  |r 2026-02-23 14:05:28  |w 2026-02-23